Physics for scientists and engineers with modern physics (Record no. 554311)
[ view plain ]
| 000 -LEADER | |
|---|---|
| fixed length control field | 00618nam a22002177a 4500 |
| 003 - CONTROL NUMBER IDENTIFIER | |
| control field | OSt |
| 005 - DATE AND TIME OF LATEST TRANSACTION | |
| control field | 20210314135051.0 |
| 008 - FIXED-LENGTH DATA ELEMENTS--GENERAL INFORMATION | |
| fixed length control field | 201023b ||||| |||| 00| 0 eng d |
| 020 ## - INTERNATIONAL STANDARD BOOK NUMBER | |
| International Standard Book Number | 978-1133954057 |
| 040 ## - CATALOGING SOURCE | |
| Transcribing agency | Allied Books |
| 082 ## - DEWEY DECIMAL CLASSIFICATION NUMBER | |
| Classification number | 530 |
| Author Mark | SER |
| 100 ## - MAIN ENTRY--PERSONAL NAME | |
| Personal name | Serway, Raymond A |
| 9 (RLIN) | 7830 |
| 245 ## - TITLE STATEMENT | |
| Title | Physics for scientists and engineers with modern physics |
| 250 ## - EDITION STATEMENT | |
| Edition statement | 9th |
| 260 ## - PUBLICATION, DISTRIBUTION, ETC. | |
| Place of publication, distribution, etc. | Andover, |
| Name of publisher, distributor, etc. | Cengage, |
| Date of publication, distribution, etc. | 2019. |
| 300 ## - PHYSICAL DESCRIPTION | |
| Extent | xxvii,1484p. |
| Dimensions | 28cm. |
| 526 ## - STUDY PROGRAM INFORMATION NOTE | |
| Program name | 0 |
| Interest level | 0 |
| Reading level | 0 |
| Title point value | 530_000000000000000_SER |
| 526 ## - STUDY PROGRAM INFORMATION NOTE | |
| Program name | 0 |
| Interest level | 0 |
| Reading level | 0 |
| Title point value | 530_000000000000000_SER |
| 700 ## - ADDED ENTRY--PERSONAL NAME | |
| Personal name | Jewett, John W |
| 9 (RLIN) | 18013 |
| 942 ## - ADDED ENTRY ELEMENTS (KOHA) | |
| Source of classification or shelving scheme | |
| Koha item type | Book |
| Source of classification or shelving scheme | |
| Withdrawn status | Lost status | Source of classification or shelving scheme | Damaged status | Not for loan | Permanent Location | Current Location | Date acquired | Total Checkouts | Total Renewals | Full call number | Barcode | Date last seen | Date last checked out | Price effective from | Koha item type |
|---|---|---|---|---|---|---|---|---|---|---|---|---|---|---|---|
| Military College of Engineering (MCE) | Military College of Engineering (MCE) | 10/25/2019 | 6 | 5 | 530 SER | MCE-51379 | 11/23/2020 | 11/23/2020 | 10/25/2019 | Book | |||||
| Military College of Engineering (MCE) | Military College of Engineering (MCE) | 10/25/2019 | 1 | 530 SER | MCE-51380 | 02/24/2020 | 02/24/2020 | 10/25/2019 | Book |
